Statistiques concernant Les 20 villes les plus peuplées d'Auvergne

Cliquez ici pour prendre le quiz!

Statistiques générales

  • Ce quiz a été pris 56 fois
  • Le résultat moyen est 9 sur 20

Statistiques - réponses

Population Ville % Correct
141 365 / Puy-de-DômeClermont-Ferrand
100%
26 135 / CantalAurillac
87%
18 634 / Haute-LoireLe-Puy-en-Velay
85%
25 279 / AllierVichy
83%
19 762 / AllierMoulins
77%
37 289 / AllierMontluçon
72%
14 578 / Puy-de-DômeIssoire
66%
18 749 / Puy-de-DômeRiom
60%
11 588 / Puy-de-DômeThiers
49%
19 515 / Puy-de-DômeCournon-d'Auvergne
43%
17 623 / Puy-de-DômeChamalières
28%
9 832 / Puy-de-DômeAubière
26%
13 069 / AllierYzeure
23%
10 487 / Puy-de-DômeGerzat
21%
11 060 / Puy-de-DômeBeaumont
21%
10 655 / Puy-de-DômePont-du-Château
21%
13 386 / AllierCusset
17%
8 267 / Puy-de-DômeLempdes
17%
8 985 / AllierDomérat
15%
8 533 / AllierBellerive-sur-Allier
11%

Distribution des résultats

Percentile by Number Answered

% des personnes avec chaque résultat

Votre développement - résultats

Vous n’avez pas pris ce quiz